<?xml version="1.0" encoding="UTF-8"?><collection xmlns="info:lc/xmlns/marcxchange-v2"><record format="Unimarc" type="bibliographic"><leader>00681cam  2200229   450 </leader><controlfield tag="001">1847788</controlfield><controlfield tag="003">http://id.bnportugal.gov.pt/bib/porbase/1847788</controlfield><controlfield tag="005">20030530215900.0</controlfield><datafield ind1=" " ind2=" " tag="010"><subfield code="a">0-631-19996-9</subfield></datafield><datafield ind1=" " ind2=" " tag="035"><subfield code="6">44743</subfield></datafield><datafield ind1=" " ind2=" " tag="095"><subfield code="a">PTBN00856439</subfield></datafield><datafield ind1=" " ind2=" " tag="100"><subfield code="a">19961107d1996    k  y0pory0103    ba</subfield></datafield><datafield ind1="0" ind2=" " tag="101"><subfield code="a">eng</subfield></datafield><datafield ind1=" " ind2=" " tag="102"><subfield code="a">GB</subfield></datafield><datafield ind1="1" ind2=" " tag="200"><subfield code="a">&lt;A &gt;companion to the philosophy of mind</subfield><subfield code="f">edited by Samuel Guttenplan</subfield></datafield><datafield ind1=" " ind2=" " tag="210"><subfield code="a">Oxford</subfield><subfield code="c">Blackwell</subfield><subfield code="d">1996</subfield></datafield><datafield ind1=" " ind2=" " tag="215"><subfield code="a">642 p.</subfield><subfield code="d">25 cm</subfield></datafield><datafield ind1=" " ind2=" " tag="675"><subfield code="a">1(03)</subfield><subfield code="v">BN</subfield><subfield code="z">por</subfield><subfield code="3">291669</subfield></datafield><datafield ind1=" " ind2=" " tag="675"><subfield code="a">13</subfield><subfield code="v">BN</subfield><subfield code="z">por</subfield><subfield code="3">912885</subfield></datafield><datafield ind1=" " ind2="1" tag="702"><subfield code="a">Guttenplan</subfield><subfield code="b">Samuel</subfield><subfield code="4">340</subfield><subfield code="3">1365743</subfield></datafield><datafield ind1=" " ind2="0" tag="801"><subfield code="a">PT</subfield><subfield code="b">BN</subfield><subfield code="g">RPC</subfield></datafield><datafield ind1=" " ind2=" " tag="977"><subfield code="1">F 3718 V</subfield><subfield code="2">coop</subfield><subfield code="3">0</subfield><subfield code="4">ULLE</subfield><subfield code="6">644743</subfield><subfield code="7">bc</subfield><subfield code="8">COOP</subfield><subfield code="9">ULLE</subfield><subfield code="k">0</subfield></datafield><datafield ind1=" " ind2=" " tag="977"><subfield code="1">1(03)G996c</subfield><subfield code="2">coop</subfield><subfield code="4">UPLE</subfield><subfield code="6">mq1040144</subfield><subfield code="7">bc</subfield><subfield code="8">coop</subfield><subfield code="9">UPLE</subfield><subfield code="b">47991</subfield><subfield code="k">0</subfield></datafield><datafield ind1=" " ind2=" " tag="998"><subfield code="a">PLE31-1152</subfield></datafield></record></collection>